Tập bài giảng môn điều hành tour

সংরক্ষণ করুন:
গ্রন্থ-পঞ্জীর বিবরন
প্রধান লেখক: Nguyễn Thị Thống Nhất
বিন্যাস: গ্রন্থ
ভাষা:Vietnamese
বিষয়গুলি:
ট্যাগগুলো: ট্যাগ যুক্ত করুন
কোনো ট্যাগ নেই, প্রথমজন হিসাবে ট্যাগ করুন!
Thư viện lưu trữ: Mạng thư viện Đại học Đà Nẵng
LEADER 01065cam a22003131a 4500
001 000036053
003 12345
005 20160323000000.0
008 160323s0 000 vie
041 |a vie 
082 |a 407  |b NG-N 
100 |a Nguyễn Thị Thống Nhất 
245 |a Tập bài giảng môn điều hành tour  |c Nguyễn Thị Thống Nhất 
300 |a 83tr . : mh ; 30cm 
650 |a Tập bài giảng môn điều hành tour, điều hành tour, Nguyễn Thị Thống Nhất 
852 |b Chuyên đề  |c Giáo trình 
OWN |a LNN 
AVA |a UDN50  |b LNN  |d 407 NG-N  |e available  |t Error 5001 Not defined in file expand_doc_bib_avail.  |f 1  |g 0  |h N  |i 0  |k 1 
999 |a From the UDN01 
AVA |a UDN50  |b LNN  |d 407 NG-N  |e available  |t Error 5001 Not defined in file expand_doc_bib_avail.  |f 1  |g 0  |h N  |i 0  |k 1 
TYP |a Monograph 
TYP |a Printed language 
980 |a Mạng thư viện Đại học Đà Nẵng